000 00361nam a2200133Ia 4500
008 240624s9999 xx 000 0 und d
041 _aeng
082 _a658.3124 CAL
100 _aCALRDY ALAN B
245 _a50 CASE STUDIES IN MANAGEMENT TRAINING
260 _c2007
_aMumbai
_bJaico Publishing House
300 _axxiii, : 464 : p. : cm. ; 25
365 _cRS
_b30
999 _c5502
_d5502